| 000 | 00905cam a22002894a 4500 | ||
|---|---|---|---|
| 005 | 20260322212036.0 | ||
| 008 | data | ||
| 010 | _a 00048235 | ||
| 020 | _a0716738759 (hardcover with CD bound in) | ||
| 020 | _a0716738740 (CD disk) | ||
| 020 | _a9780716738749 (CD disk) | ||
| 020 | _a9780716738756 (hardcover with CD bound in) | ||
| 040 |
_aDLC _cDLC _dDLC |
||
| 042 | _apcc | ||
| 050 | 0 | 0 |
_aQH308.2 _b.L565 2001 |
| 082 | 0 | 0 |
_a570 _221 |
| 092 | _a570.21 L565 2001 | ||
| 245 | 1 | 0 |
_aLife, the science of biology / _cWilliam K. Purves. |
| 250 | _a6th ed. | ||
| 260 |
_aSunderland, MA : _bSinauer Associates, _cc2001. |
||
| 300 |
_a2 v. ; _bill. (some col.), col. maps ; _c29 cm. |
||
| 500 | _aIncludes index. | ||
| 520 | 2 | _avol. 1 -- The cell and heredity; vol. 2 -- Evolution, diversity and ecology | |
| 650 | 0 | _aBiology. | |
| 700 | 1 |
_aPurves, William K. _d1934- _q(William Kirkwood), |
|
| 001 | data | ||
| 999 |
_c843 _d843 |
||